Normal view MARC view
  • Narración (Retórica)

Entry Materia

Number of records used in: 35

001 - NÚMERO DE CONTROL DEL REGISTRO

  • campo de control: 4866

003 - IDENTIFICADOR DE NUMERO DE CONTROL

  • campo de control: UPN

005 - FECHA Y HORA DE LA ÚLTIMA TRANSACCIÓN

  • campo de control: 20230622114149.0

008 - DATOS DE LONGITUD FIJA

  • campo de control de longitud fija: 230622n||acnnnbabn | ana |d

035 ## - NÚMERO DE CONTROL DEL SISTEMA

  • Número de control del sistema: UPN10000004866

040 ## - FUENTE DE LA CATALOGACIÓN

  • Centro catalogador de origen: MX-MxUPN
  • Lengua de catalogación: spa
  • Agencia de transcripción: MX-MxUPN

150 ## - ENCABEZAMIENTO - TEMÁTICO

  • Término de materia o nombre geográfico como elemento inicial: Narración (Retórica)

450 ## - VÉASE - MATERIA

  • Encabezamiento temático: Escritura narrativa

670 ## - FUENTE EN LA QUE SE LOCALIZARON DATOS

  • Cita de la fuente: E

902 ## - CATALOGADOR

  • Catalogador: MCM/240798